| 000 | 00633nam a22002297a 4500 | ||
|---|---|---|---|
| 005 | 20181221135113.0 | ||
| 008 | 181221b xxu||||| |||| 00| 0 eng d | ||
| 020 |
_a9780199658459 _cRs 795 |
||
| 040 | _beng | ||
| 041 | _aEnglish | ||
| 082 |
_a880.03 _bHOW |
||
| 245 |
_aThe Oxford companion to classical literature _cEdited by M C Howatson |
||
| 250 | _a3rd ed | ||
| 260 |
_aNew Delhi _bOxford University Press _c2011 |
||
| 300 |
_a613p _b25 cm; maps |
||
| 500 | _aFirst edition 1937 | ||
| 650 | _aClassical literature | ||
| 650 | _aClassical dictionary | ||
| 700 |
_4ed. _aHowatson, M. C. |
||
| 850 | _aLCLIB | ||
| 942 | _cBK | ||
| 999 |
_c41888 _d92367 |
||